Normal view
MARC view
- Iqbal-Urdu and Persian Poetry
Entry Topical Term
001 - CONTROL NUMBER
- control field: 90511
003 - CONTROL NUMBER IDENTIFIER
- control field: NUST
005 - DATE AND TIME OF LATEST TRANSACTION
- control field: 20220308154829.0
008 - FIXED-LENGTH DATA ELEMENTS
- fixed length control field: 220308|| aca||aabn | a|a d
040 ## - CATALOGING SOURCE
- Original cataloging agency: NUST
- Transcribing agency: NUST
150 ## - HEADING--TOPICAL TERM
- Topical term or geographic name entry element: Iqbal-Urdu and Persian Poetry
- Form subdivision: Iqbal-Iqbaliat
670 ## - SOURCE DATA FOUND
- Source citation: Work cat.: (NUST)587689: Sayyad Abid Ali Abid 90510, Talmihat-e-Iqbal, 2012.
